Detalles MARC
| 000 -LIDER |
| fixed length control field |
01761nam a2200265 a 4500 |
| 001 - NÚMERO DE CONTROL |
| Identificador de número de control |
|
| 003 - IDENTIFICACDOR DE NÚMERO DE CONTROL |
| control field |
DO-SdBNP |
| 005 - DATE AND TIME OF LATEST TRANSACTION |
| control field |
20220114075631.0 |
| 008 - ELEMENTOS DE LONGITUD FIJA |
| fixed length control field |
110412s2011 dr c 000 0 spa d |
| 040 ## - FUENTE DE CATALOGACIÓN |
| Agencia que crea de manera original el registro |
DO-SdBNP |
| Idioma de catalogación |
spa |
| Agencia que realiza la transcripción |
BPMSU |
| 082 ## - NÚMERO DE CLASIFICACIÓN DECIMAL DE DEWEY |
| Classification number |
303.483 |
| Item number |
M357h 2011 |
| Edition number |
22 |
| 100 1# - ASIENTO PRINCIPAL -- NOMBRE PERSONAL |
| Nombre personal |
Márquez, Carlos |
| Fechas asociadas con el nombre |
1953- |
| 245 10 - MENCIÓN DE TITULO |
| Título |
Hacia la revolución tecnológica industrial : |
| Subtítulo |
ideología, liberalísmo, crisis mundial y nuevo liderazgo / |
| Mención de responsabilidad |
Carlos Márquez. |
| 260 ## - PUBLICACIÓN, DISTRIBUCIÓN, ETC. (PIE DE IMPRENTA) |
| Lugar de publicación, distribución, etc |
Santo Domingo : |
| Nombre del editor, distribuidor, etc. |
La Intrusa : |
| -- |
Fundación Bienestar y Desarrollo Humano, |
| Fecha de publicación, distribución, etc |
2011. |
| 300 ## - DESCRIPCIÓN FÍSICA |
| Extensión |
309 p. : |
| Otros detalles físicos |
retr. ; |
| Dimensiones |
24 cm. |
| 500 ## - NOTA GENERAL |
| Nota general |
Incluye datos biográficos del autor en las solapas |
| 504 ## - NOTA DE BIBLIOGRAFÍA, ETC. |
| Bibliography, etc |
Bibliografía : p.305-309 |
| 505 ## - NOTA DE CONTENIDO |
| Texto normalizado de contenido |
Ideología, origen y evolución del concepto -- Los precursores del marxismo y las ideas del socialismo real en América Latina y el caribe --La revolución francesa como preámbulo del pensamiento marxista y socialista --Miranda, Nariño, Hidalgo, Bolívar , Morelos, Mariano Moreno, José de San Martín, precursores del liberalismo en A. Latina --Crisis de la ideología, crisis del pensamiento liberal, globalización y neoliberalismo --Nueva crisis económica mundial del capitalismo, opulencia de los países centrales y exclusión de las naciones del Tercer Mundo --América latina: la crisis de los partidos tradicionales en la región Andina. Nuevo orden mundial - República Dominicana, impacto de la crisis mundial, nuevo orden internacional y revolución tecnológica industrial |
| 590 ## - NOTA LOCAL |
| Enlace |
Inventariado, 2022/VM |
| 650 #4 - ENCABEZAMIENTO DE MATERIA--TEMÁTICO |
| Término temático o nombre geográfico como elemento de entrada |
Desarrollo científico y tecnológico |
| Subdivisión geográfica |
América Latina |
| 651 #4 - ENCABEZAMIENTO DE MATERIA--NOMBRE GEOGRÁFICO |
| Nombre geográfico |
América Latina |
| Subdivisión temática general |
Política y gobierno |
| 651 #4 - ENCABEZAMIENTO DE MATERIA--NOMBRE GEOGRÁFICO |
| Nombre geográfico |
América Latina |
| Subdivisión temática general |
Condiciones sociales |
| 910 ## - VALIDACIÓN |
| Validación |
VMateo V. |
| 942 ## - ADDED ENTRY ELEMENTS (KOHA) |
| Source of classification or shelving scheme |
Dewey Decimal Classification |
| Koha item type |
Libros |